000 00758nam a2200229Ia 4500
003 OSt
005 20260209154749.0
008 220923b |||||||| |||| 00| 0 eng d
020 _a9781782382348
037 _cGeneral Book
040 _aRTL
_cRTL
_beng
041 _2eng
_aeng
084 _a Y:4511, Q4
_q RTL
245 0 _aCulture, suicide and the human condition.
260 _aNew York
_bBerghahn
_c2014
300 _ax, 219 p.
_bIncludes bibliographical references and index
650 _aSociology
_91114653
700 _aHonkasalo Maria-Liisa
_9315670
_e Editor
700 _aTuominen Miira
_e Editor
_91114654
942 _hY:4511, Q4
_cGB
_2CC
_n0
999 _c621937
_d621937